000 00465nam a2200157 i 4500
001 142304
003 ES-MaACL
005 20230906200506.0
007 t|
008 071004s1965 sp ||||1| cat d
100 1 _aVila, Marc-Aureli.
_9114697
245 1 0 _aEdicions d'aportació catalana
_b: les migracions /
_cMarc-Aureli Vila.
260 _aBarcelona :
_b[Mediterrania],
_c1964.
300 _a35 p. :
_bil. ;
_c22 cm.
852 _aES-MaACL
_j2052-F-4
_bR.58273
999 _c142304
_d142304